000
00321nam a22001217a 4500
008
160503b xxu||||| |||| 00| 0 eng d
020
_a
9780205179244
020
_a
020517924
041
_a
eng
080
_a
61
245
_a
Research technique for the health sciences:
_c
James J. Neutens; Laurna Rubinson;
942
_2
udc
_c
BK
999
_c
1727
_d
1727